Harmonizace podnikových účetních závěrek v Evropských společenstvích.
Uzávierka podniku, ktorý má právnu formu akciovej spoločnosti, príp. akciovej spoločnosti s ručením obmedzeným (podľa legislatívnej úpravy platnej v SRN). Všeobecná charakteristika bilancie. Úloha bilancie. Druhy bilancií. Výsledovka. Smernice Európskych spoločenstiev v harmonizácii účtovných uzávie...
Salvato in:
| Autore principale: | |
|---|---|
| Natura: | Capitolo di libro |
| Lingua: | ceco |
| Soggetti: | |
| Tags: |
Nessun Tag, puoi essere il primo ad aggiungerne!!
|
MARC
| LEADER | 00000naa a2200000 4500 | ||
|---|---|---|---|
| 001 | r003185 | ||
| 005 | 20220819180801.0 | ||
| 041 | 0 | |a cze | |
| 044 | |a [CS] | ||
| 245 | 1 | 0 | |a Harmonizace podnikových účetních závěrek v Evropských společenstvích. |c Ladislav Machoň |
| 520 | |a Uzávierka podniku, ktorý má právnu formu akciovej spoločnosti, príp. akciovej spoločnosti s ručením obmedzeným (podľa legislatívnej úpravy platnej v SRN). Všeobecná charakteristika bilancie. Úloha bilancie. Druhy bilancií. Výsledovka. Smernice Európskych spoločenstiev v harmonizácii účtovných uzávierok. Zákon o bilančnej smernici. Niekoľko vybraných analytických pohľadov na uzávierku automobilky Volkswagen AG. | ||
| 610 | 2 | 0 | |a uzávierka účtovná |
| 610 | 2 | 0 | |a spoločnosti akciové |
| 610 | 2 | 0 | |a predpisy právne |
| 610 | 2 | 0 | |a Nemecko |
| 610 | 2 | 0 | |a rozbory činnosti hospodárskej |
| 610 | 2 | 0 | |a bilancia finančná |
| 610 | 2 | 0 | |a Európske spoločenstvá |
| 610 | 2 | 0 | |a výsledovka |
| 610 | 2 | 0 | |a bilancie |
| 100 | 1 | |a Machoň, Ladislav | |